Underwater guideposts; (Record no. 16212)

000 -LEADER
fixed length control field 00385cam a22001451 4500
040 ## - CATALOGING SOURCE
Transcribing agency ICU
082 00 - DEWEY DECIMAL CLASSIFICATION NUMBER
Classification number 597 UNI 1966 A023 Or.
100 1# - MAIN ENTRY--AUTHOR NAME
Personal name Hasler, Arthur D.
245 10 - TITLE STATEMENT
Title Underwater guideposts;
Remainder of title homing of salmon
260 ## - PUBLICATION, DISTRIBUTION, ETC. (IMPRINT)
Place of publication Madison,
Name of publisher University of Wisconsin Press,
Year of publication 1966.
300 ## - PHYSICAL DESCRIPTION
Number of Pages xii, 155 p.
Other physical details illus., maps.
Dimensions 24 cm.
650 #0 - SUBJECT ADDED ENTRY--TOPICAL TERM
Topical Term Salmon.
650 #0 - SUBJECT ADDED ENTRY--TOPICAL TERM
Topical Term Fishes
942 ## - ADDED ENTRY ELEMENTS (KOHA)
Koha item type សៀវភៅភាសាអង់គ្លេស
952 ## - LOCATION AND ITEM INFORMATION (KOHA)
Withdrawn status [LOCAL, KOHA] 0
Holdings
Permanent Location Date acquired Koha item type Lost status Shelving location Barcode Current Location Full call number
Library Block A2018-01-23សៀវភៅភាសាអង់គ្លេស A023A24471Library Block A597 UNI 1966 A023 Or.
មជ្ឈមណ្ឌលឯការនៃសាកលវិទ្យាល័យភូមិន្ទកសិកម្មចំការដូង

Powered by Koha